00529pab a2200157 454500008004000000100002000040245010700060260000900167300001500176650001300191773002600204908000600230909001100236999001900247952010500266180718b2013 xxu||||| |||| 00| 0 eng d aDaley, Patricia aRefugees, IDPS and citizenship rights: The perils of humanitarianism in the african great lakes region c2013 ap.893-912. aRefugees aThird World Quarterly aN a100972 c100971d100971 00104070aIIPAbIIPAd2018-07-19hVolume no: 34, Issue no: 5pAR101432r2018-07-19w2018-07-19yAR